MARC
| LEADER | 00000 a a2200000 04500 | ||
|---|---|---|---|
| 001 | 23225 | ||
| 003 | |||
| 040 | |||
| 090 | |a 160700 | ||
| 110 | |a Unidad de Estudios Especiales | ||
| 245 | |a Seguimiento de proyectos de Gobierno Fomento y Desarrollo agroindustrial febrero de 1981 / |c Unidad de Estudios Especiales | ||
| 260 | |a San José: |b UEE | ||
| 300 | |a 101 p. |b **no definido** |b map. | ||
| 710 | |a Costa Rica. Presidencia de la República Oficina de Información | ||
| 999 | |c 15712 |d 15712 | ||
